[Event "Chessable Masters"]
[Site "chess24.com INT"]
[Date "2020.06.21"]
[EventDate "2020.06.21"]
[Round "2.2"]
[Result "1/2-1/2"]
[White "Teimour Radjabov"]
[Black "Maxime Vachier-Lagrave"]
[WhiteElo "2765"]
[BlackElo "2778"]
[PlyCount "120"]

1. Nf3 d5 2. d4 Nf6 3. c4 c6 4. e3 Bf5 5. Nc3 e6 6. Be2 Be7
7. O-O Nbd7 8. Nh4 Be4 9. f3 Bg6 10. Qb3 Qc7 11. Bd2 Ng4
12. fxg4 Bxh4 13. Rac1 Qb6 14. Be1 Bxe1 15. Rfxe1 O-O 16. h3
Rae8 17. Qxb6 axb6 18. a4 Nf6 19. b3 Ne4 20. Nxe4 Bxe4 21. Bf3
f5 22. g5 Kf7 23. Kf2 Ke7 24. Kg3 Kd6 25. h4 h6 26. Kf4 hxg5+
27. Kxg5 Rf6 28. Bxe4 fxe4 29. Rf1 Ref8 30. Rxf6 gxf6+ 31. Kf4
f5 32. Rg1 Rh8 33. g3 Rg8 34. g4 fxg4 35. h5 Rf8+ 36. Kg3 Rf3+
37. Kxg4 Rxe3 38. h6 Rf3 39. h7 Rf8 40. Kh5 Rh8 41. Kh6 c5
42. dxc5+ bxc5 43. cxd5 exd5 44. Rg8 Rxh7+ 45. Kxh7 d4 46. Re8
d3 47. Kg6 Kd7 48. Re5 Kc6 49. Re6+ Kd5 50. Re8 Kd4 51. Kf5 d2
52. Rd8+ Ke3 53. a5 Ke2 54. Kxe4 d1=Q 55. Rxd1 Kxd1 56. Kd5
Kc2 57. Kc4 Kb2 58. Kxc5 Kxb3 59. Kb6 Kb4 60. Kxb7 Kxa5
1/2-1/2

[Event "Chessable Masters"]
[Site "chess24.com INT"]
[Date "2020.06.21"]
[EventDate "2020.06.21"]
[Round "3.2"]
[Result "1-0"]
[White "Maxime Vachier-Lagrave"]
[Black "Fabiano Caruana"]
[WhiteElo "2778"]
[BlackElo "2835"]
[PlyCount "99"]

1. d4 d5 2. c4 c6 3. Nf3 Nf6 4. Qc2 dxc4 5. Qxc4 Bf5 6. g3 e6
7. Bg2 Be7 8. O-O O-O 9. Qb3 Qb6 10. Nbd2 Rd8 11. Nc4 Qa6
12. Bg5 Nbd7 13. Rfe1 h6 14. Bf4 Nb6 15. Nce5 Qa4 16. Bd2 Be4
17. Qxa4 Nxa4 18. b3 Nb6 19. Ba5 Rd5 20. Bc3 c5 21. e3 Rdd8
22. Red1 Nbd5 23. Ba5 Rdc8 24. Rac1 b6 25. Be1 a5 26. a4 Rc7
27. Nc4 Rac8 28. dxc5 Bxc5 29. Nd4 Bxg2 30. Kxg2 Bxd4 31. Rxd4
Nd7 32. e4 N5f6 33. Rcd1 Rb8 34. f3 Kh7 35. g4 e5 36. Rd6 Nc5
37. Nxe5 Nxb3 38. h4 b5 39. g5 Nh5 40. Nd7 Rbc8 41. axb5 a4
42. b6 Rb7 43. Bb4 Nf4+ 44. Kg3 Ne6 45. Kg4 Rc2 46. g6+ Kxg6
47. Nf8+ Kf6 48. e5+ Kxe5 49. R6d5+ Kf6 50. Rf5# 1-0

[Event "Chessable Masters"]
[Site "chess24.com INT"]
[Date "2020.06.21"]
[EventDate "2020.06.21"]
[Round "4.1"]
[Result "1/2-1/2"]
[White "Maxime Vachier-Lagrave"]
[Black "Ding Liren"]
[WhiteElo "2778"]
[BlackElo "2791"]
[PlyCount "108"]

1. c4 e5 2. g3 c6 3. Nf3 e4 4. Nd4 d5 5. cxd5 Qxd5 6. Nc2 Nf6
7. Nc3 Qe5 8. Bg2 Na6 9. O-O Be7 10. Re1 Be6 11. d4 exd3
12. exd3 Qd6 13. Be3 O-O 14. Nd4 Bg4 15. Bf3 Qd7 16. Ne4 h5
17. Bxg4 hxg4 18. a3 Nd5 19. Qc2 Nac7 20. Rad1 Rae8 21. Bd2 f5
22. Nc5 Bxc5 23. Qxc5 a6 24. a4 f4 25. Rxe8 Nxe8 26. Bxf4 Nxf4
27. gxf4 Rxf4 28. Re1 Nc7 29. Re4 Nd5 30. Ne2 Rf7 31. Qc4 Qf5
32. Re8+ Kh7 33. Qe4 g6 34. Qd4 Qf6 35. Re4 Qxd4 36. Rxd4 Rf3
37. a5 Kh6 38. Rxg4 Rxd3 39. Nc3 Nxc3 40. bxc3 Rxc3 41. Rb4
Rc5 42. Rxb7 Rxa5 43. Rb6 c5 44. Rc6 Kg5 45. Kg2 Kf5 46. h4
Kg4 47. Rxg6+ Kxh4 48. Kf3 Kh5 49. Rc6 Kg5 50. Ke4 Ra4+
51. Kd5 Rf4 52. Kxc5 Rxf2 53. Rxa6 Rf6 54. Rxf6 Kxf6 1/2-1/2

[Event "Chessable Masters"]
[Site "chess24.com INT"]
[Date "2020.06.21"]
[EventDate "2020.06.21"]
[Round "5.3"]
[Result "1/2-1/2"]
[White "Ian Nepomniachtchi"]
[Black "Maxime Vachier-Lagrave"]
[WhiteElo "2784"]
[BlackElo "2778"]
[PlyCount "113"]

1. e4 e5 2. Nf3 Nc6 3. Bb5 a6 4. Ba4 Nf6 5. O-O Be7 6. d3 b5
7. Bb3 d6 8. a3 O-O 9. Nc3 Bg4 10. Be3 Nd4 11. Bxd4 exd4
12. Nd5 Nxd5 13. Bxd5 Rc8 14. Bc6 Bf6 15. a4 Rb8 16. axb5 axb5
17. Re1 Rb6 18. Bd5 c6 19. Bb3 d5 20. h3 Bc8 21. exd5 cxd5
22. Qd2 Qd6 23. Ra8 h6 24. Qa5 Be6 25. Rxf8+ Kxf8 26. Qa8+ Rb8
27. Qa7 Rb6 28. Ra1 g5 29. Qa3 Qxa3 30. Rxa3 h5 31. Kf1 Rb8
32. Ra7 Kg7 33. Ng1 Be5 34. Nf3 Bf6 35. Ng1 Be5 36. Ra6 g4
37. h4 Bc8 38. Ra7 Be6 39. Ne2 Kf6 40. g3 Rb6 41. Ra8 Rb8
42. Ra6 Ke7 43. Ke1 Kd7 44. Nf4 Bxf4 45. gxf4 Kc7 46. f5 Bxf5
47. Bxd5 Re8+ 48. Kd2 Be6 49. Bxe6 fxe6 50. Ke2 Kb7 51. Rd6
Rc8 52. Kd2 Rf8 53. Ke1 Rc8 54. Kd1 Rf8 55. Ke1 Rc8 56. Kd1
Rf8 57. Ke1 1/2-1/2

[Event "Chessable Masters"]
[Site "chess24.com INT"]
[Date "2020.06.23"]
[EventDate "2020.06.20"]
[Round "6"]
[Result "1/2-1/2"]
[White "Anish Giri"]
[Black "Maxime Vachier-Lagrave"]
[WhiteElo "2764"]
[BlackElo "2778"]
[PlyCount "60"]

1. d4 d5 2. c4 c6 3. Nf3 Nf6 4. Nc3 e6 5. e3 Nbd7 6. Qc2 Bd6
7. b3 O-O 8. Be2 b6 9. O-O Bb7 10. Bb2 Qe7 11. Rfe1 e5
12. dxe5 Nxe5 13. cxd5 cxd5 14. Nb5 Rfc8 15. Qf5 g6 16. Qg5
Nxf3+ 17. Bxf3 Ne4 18. Qxe7 Bxe7 19. Rec1 a6 20. Nd4 h5
21. Be2 Bf6 22. f3 Nc5 23. Kf2 Re8 24. Bf1 Re7 25. Rc2 Bg5
26. Re1 Rae8 27. Bc1 Bf6 28. Bb2 Bg5 29. Bc1 Bf6 30. Bb2 Bg5
1/2-1/2

[Event "Chessable Masters"]
[Site "chess24.com INT"]
[Date "2020.06.23"]
[EventDate "2020.06.20"]
[Round "7"]
[Result "0-1"]
[White "Maxime Vachier-Lagrave"]
[Black "Teimour Radjabov"]
[WhiteElo "2778"]
[BlackElo "2765"]
[PlyCount "104"]

1. Nf3 Nf6 2. c4 g6 3. Nc3 Bg7 4. g3 c6 5. d4 d5 6. Qb3 O-O
7. Bg2 Qb6 8. O-O Rd8 9. Bd2 dxc4 10. Qxc4 Be6 11. Qa4 Na6
12. e4 Bg4 13. Be3 Qxb2 14. Rfc1 Qb4 15. Qxb4 Nxb4 16. Rab1 c5
17. dxc5 Nd3 18. Rd1 Bxf3 19. Bxf3 Ne5 20. Be2 Rxd1+ 21. Rxd1
Nc6 22. Rb1 Rb8 23. Bb5 Nd7 24. Nd5 e6 25. Nb4 Nde5 26. Ba4
Na5 27. Rd1 Nac4 28. Bc1 Bf8 29. c6 Kg7 30. Nd3 Nxc6 31. Bb5
N6a5 32. Nb2 Nb6 33. Bd2 Nc6 34. Bc3+ Kg8 35. Na4 Nxa4
36. Bxa4 b5 37. Bc2 Bg7 38. Bd2 Nd4 39. Bd3 Nf3+ 40. Kg2 Nxd2
41. Rxd2 a5 42. Rc2 a4 43. Rc5 b4 44. Ra5 Rd8 45. Ba6 b3
46. axb3 axb3 47. Rb5 b2 48. Rb3 Bc3 49. Be2 Rd2 50. Kf1 Bd4
51. f4 Rc2 52. Bd3 Rxh2 0-1

[Event "Chessable Masters"]
[Site "chess24.com INT"]
[Date "2020.06.23"]
[EventDate "2020.06.20"]
[Round "8"]
[Result "1-0"]
[White "Fabiano Caruana"]
[Black "Maxime Vachier-Lagrave"]
[WhiteElo "2835"]
[BlackElo "2778"]
[PlyCount "85"]

1. d4 d5 2. c4 c6 3. cxd5 cxd5 4. Bg5 Nc6 5. Nc3 f6 6. Bd2 e5
7. e4 dxe4 8. dxe5 fxe5 9. Bc4 Nf6 10. Nge2 Bc5 11. O-O Bg4
12. h3 Bh5 13. Rc1 Qd7 14. Bg5 Nd4 15. Bxf6 gxf6 16. Nxe4 Be7
17. N4g3 Nxe2+ 18. Bxe2 Qxd1 19. Bxd1 Bxd1 20. Rfxd1 Rd8
21. Nf5 Rxd1+ 22. Rxd1 Bf8 23. g3 h5 24. Kg2 Rh7 25. Rc1 Kd7
26. Kf3 Ke6 27. g4 hxg4+ 28. hxg4 Rd7 29. Rc8 Kf7 30. Ke2 b6
31. f3 Bc5 32. Ng3 Be7 33. Ne4 Ke6 34. Rc6+ Kf7 35. b3 Kg7
36. a3 Kf7 37. b4 Rd4 38. Rc7 a5 39. Ng3 Ke8 40. Rxe7+ Kxe7
41. Nf5+ Ke6 42. Nxd4+ exd4 43. f4 1-0

[Event "Chessable Masters"]
[Site "chess24.com INT"]
[Date "2020.06.23"]
[EventDate "2020.06.21"]
[Round "9.1"]
[Result "1-0"]
[White "Ding Liren"]
[Black "Maxime Vachier-Lagrave"]
[WhiteElo "2791"]
[BlackElo "2778"]
[PlyCount "65"]

1. d4 Nc6 2. Nf3 Nf6 3. d5 Nb8 4. c4 e6 5. g3 Bc5 6. Bg2 O-O
7. Nc3 exd5 8. cxd5 d6 9. O-O Re8 10. b3 Bg4 11. Bb2 Nbd7
12. Nd4 Bxd4 13. Qxd4 Bxe2 14. Rfe1 Bh5 15. h3 Bg6 16. g4
Rxe1+ 17. Rxe1 Ne5 18. Re3 c5 19. dxc6 Nxc6 20. Qd2 h5 21. g5
Nh7 22. h4 Nf8 23. Nd5 Ne6 24. Bh3 Ne5 25. f4 Ng4 26. Bxg4
hxg4 27. Qc3 Qf8 28. Re2 g3 29. Qxg3 Rc8 30. h5 Rc2 31. Rxc2
Bxc2 32. h6 Qd8 33. hxg7 1-0

[Event "Chessable Masters"]
[Site "chess24.com INT"]
[Date "2020.06.23"]
[EventDate "2020.06.21"]
[Round "10.3"]
[Result "0-1"]
[White "Maxime Vachier-Lagrave"]
[Black "Ian Nepomniachtchi"]
[WhiteElo "2778"]
[BlackElo "2784"]
[PlyCount "70"]

1. d4 Nf6 2. c4 e6 3. Nc3 Bb4 4. e3 O-O 5. Bd3 d5 6. cxd5 exd5
7. Nf3 b6 8. O-O c5 9. dxc5 bxc5 10. Bd2 Nc6 11. Rc1 Bg4
12. h3 Bh5 13. a3 Ba5 14. g4 Bg6 15. Bxg6 hxg6 16. b4 cxb4
17. Ne2 Rc8 18. axb4 Bb6 19. b5 Na5 20. Rxc8 Qxc8 21. Bxa5
Bxa5 22. Nf4 Rd8 23. Nd4 Bb6 24. Nc6 Rd7 25. Qf3 g5 26. Nd3
Qe8 27. Rd1 Ne4 28. Ndb4 Nc3 29. Rd3 d4 30. exd4 Qe1+ 31. Kg2
Ne2 32. Qe4 Nf4+ 33. Kf3 Qh1+ 34. Ke3 Qc1+ 35. Kf3 Rd6 0-1

[Event "chess.com Speed Chess"]
[Site "chess.com INT"]
[Date "2020.11.01"]
[EventDate "2020.11.01"]
[Round "1.11"]
[Result "0-1"]
[White "Maxime Vachier-Lagrave"]
[Black "Sarin Nihal"]
[WhiteElo "2784"]
[BlackElo "2620"]
[PlyCount "126"]

1. e4 e5 2. Nf3 Nc6 3. Bb5 a6 4. Ba4 Nf6 5. O-O Be7 6. d3 b5
7. Bb3 d6 8. a3 O-O 9. Nc3 Na5 10. Ba2 Be6 11. b4 Bxa2
12. Nxa2 Nc6 13. c4 Nd4 14. Nc3 Nxf3+ 15. Qxf3 c6 16. Be3 Qc8
17. Rfc1 Qe6 18. Ne2 Rfc8 19. cxb5 cxb5 20. Nc3 h6 21. h3 Rc6
22. Nd5 Rac8 23. Rxc6 Rxc6 24. a4 bxa4 25. Rxa4 Bd8 26. Kh2
Kh7 27. Ra2 Qd7 28. Qd1 Qb7 29. Qb3 Rc8 30. Nxf6+ Bxf6 31. Qd5
Qxd5 32. exd5 Rb8 33. Rxa6 Rxb4 34. Rxd6 e4 35. d4 Bxd4
36. Bxd4 Rxd4 37. Kg3 g5 38. Rf6 Kg7 39. Rd6 Kh7 40. Kg4 e3+
41. Kf3 exf2 42. Kxf2 Kg7 43. Ke3 Rd1 44. Ke4 Rd2 45. g4 Re2+
46. Kd4 Rh2 47. Rb6 Rxh3 48. d6 Rh1 49. Kd5 Rd1+ 50. Kc6 Kf6
51. Rb2 Ke5 52. Re2+ Kf4 53. Rf2+ Kxg4 54. Rxf7 h5 55. d7 h4
56. Rf1 Rd2 57. Rf2 Rd3 58. Kc7 h3 59. d8=Q Rxd8 60. Kxd8 Kg3
61. Rf1 h2 62. Ke7 Kg2 63. Rf5 g4 0-1

[Event "chess.com Speed Chess"]
[Site "chess.com INT"]
[Date "2020.11.01"]
[EventDate "2020.11.01"]
[Round "1.12"]
[Result "0-1"]
[White "Sarin Nihal"]
[Black "Maxime Vachier-Lagrave"]
[WhiteElo "2620"]
[BlackElo "2784"]
[PlyCount "80"]

1. d4 d5 2. c4 c6 3. Nf3 Nf6 4. Nc3 e6 5. Bg5 Nbd7 6. e3 Qa5
7. Nd2 dxc4 8. Bxf6 Nxf6 9. Nxc4 Qd8 10. Rc1 Be7 11. g3 O-O
12. Bg2 Bd7 13. O-O Rc8 14. Qb3 Rc7 15. Rfd1 Qb8 16. Ne4 Nxe4
17. Bxe4 Rd8 18. Ne5 Be8 19. Nd3 b6 20. Kg2 c5 21. dxc5 bxc5
22. Qxb8 Rxb8 23. b3 a5 24. Rc3 f5 25. Bf3 g5 26. h3 h5
27. Rdc1 g4 28. Be2 Rbc8 29. Nf4 Bf7 30. Bc4 Rc6 31. Rd3 e5
32. Bxf7+ Kxf7 33. Nd5 Bf8 34. hxg4 hxg4 35. Rc4 Rd6 36. e4
fxe4 37. Rxe4 Ke6 38. Nf4+ Kf5 39. Rxd6 Bxd6 40. Nd5 Kxe4 0-1

[Event "chess.com Speed Chess"]
[Site "chess.com INT"]
[Date "2020.11.01"]
[EventDate "2020.11.01"]
[Round "1.13"]
[Result "1-0"]
[White "Maxime Vachier-Lagrave"]
[Black "Sarin Nihal"]
[WhiteElo "2784"]
[BlackElo "2620"]
[PlyCount "97"]

1. e4 e5 2. Nf3 Nc6 3. Bb5 a6 4. Ba4 Nf6 5. O-O Be7 6. d3 b5
7. Bb3 d6 8. a3 O-O 9. Nc3 Na5 10. Ba2 Be6 11. b4 Bxa2
12. Rxa2 Nc6 13. Bg5 Ng4 14. Bd2 Nf6 15. Re1 Qd7 16. Nd5 Nxd5
17. exd5 Na7 18. a4 c6 19. dxc6 Nxc6 20. c4 Rab8 21. cxb5 axb5
22. a5 Rfc8 23. Qb3 Kf8 24. Rc2 Qb7 25. Rec1 Nd8 26. Be3 Ne6
27. Qa2 Rxc2 28. Rxc2 Ra8 29. h3 h6 30. Qb3 Nc7 31. Nd2 Na6
32. Ne4 f5 33. Nc3 Rc8 34. Bb6 d5 35. Nxb5 Nxb4 36. Rc7 Rxc7
37. Nxc7 Qc6 38. Qb1 Bd6 39. d4 e4 40. Ne6+ Kf7 41. Nc5 Bxc5
42. Bxc5 Nd3 43. Qa2 Nxc5 44. dxc5 Qxc5 45. a6 Qc6 46. a7 Qa8
47. Qa5 Kg8 48. Qc7 Kh7 49. Qb8 1-0

[Event "chess.com Speed Chess"]
[Site "chess.com INT"]
[Date "2020.11.01"]
[EventDate "2020.11.01"]
[Round "1.14"]
[Result "1-0"]
[White "Sarin Nihal"]
[Black "Maxime Vachier-Lagrave"]
[WhiteElo "2620"]
[BlackElo "2784"]
[PlyCount "103"]

1. d4 d5 2. c4 c6 3. Nf3 Nf6 4. Nc3 e6 5. Bg5 Nbd7 6. e3 Qa5
7. Nd2 dxc4 8. Bxf6 Nxf6 9. Nxc4 Qd8 10. Rc1 Be7 11. g3 O-O
12. Bg2 Bd7 13. O-O Rc8 14. Qb3 Rc7 15. Rfd1 Qb8 16. e4 Rd8
17. e5 Nd5 18. Ne4 Be8 19. h4 Nb6 20. Nxb6 axb6 21. Qxb6 Rcd7
22. Nc5 Bxc5 23. Qxc5 Qa8 24. a3 Qa4 25. Rd2 Rxd4 26. b3 Qb5
27. Qxb5 cxb5 28. Rxd4 Rxd4 29. Bxb7 Kf8 30. Rc8 Ke7 31. Ra8
h6 32. b4 g5 33. hxg5 hxg5 34. Kg2 Rd1 35. Ra5 Re1 36. f4 gxf4
37. gxf4 Re3 38. Kf2 Rc3 39. Bf3 Kf8 40. Be2 Bd7 41. Ra7 Be8
42. Ra8 Ke7 43. Ra7+ Kf8 44. Ra5 Bd7 45. Ke1 Kg7 46. Kd2 Rg3
47. Bd3 Kf8 48. Kc3 Rf3 49. Kd4 Rxf4+ 50. Kc5 Rf3 51. Bxb5
Bxb5 52. Kxb5 1-0

[Event "chess.com Speed Chess"]
[Site "chess.com INT"]
[Date "2020.11.01"]
[EventDate "2020.11.01"]
[Round "1.15"]
[Result "1-0"]
[White "Maxime Vachier-Lagrave"]
[Black "Sarin Nihal"]
[WhiteElo "2784"]
[BlackElo "2620"]
[PlyCount "137"]

1. c4 Nf6 2. Nf3 e6 3. e3 d5 4. b3 c5 5. Bb2 Nc6 6. cxd5 exd5
7. Bb5 Bd6 8. d4 cxd4 9. Nxd4 O-O 10. Nd2 Nxd4 11. Bxd4 Qa5
12. Bd3 Bg4 13. f3 Be6 14. a3 Nd7 15. b4 Qd8 16. O-O Ne5
17. Bc2 Nc6 18. Bb2 Be5 19. Bxe5 Nxe5 20. Nb3 Nc4 21. Qd3 g6
22. Nd4 Qf6 23. Bb3 Rac8 24. Rac1 Rfe8 25. Rfe1 Kg7 26. Bxc4
Rxc4 27. Rxc4 dxc4 28. Qc3 Kg8 29. Nb5 Qxc3 30. Nxc3 Rd8
31. Rd1 Rxd1+ 32. Nxd1 Kf8 33. Kf2 Ke7 34. e4 Kd6 35. Ke3 f6
36. Kd4 b5 37. Nc3 a6 38. a4 Bd7 39. axb5 axb5 40. Nd5 Ke6
41. h4 Bc6 42. Nf4+ Kd6 43. g4 Bb7 44. g5 fxg5 45. hxg5 Bc6
46. Ne2 Bd7 47. f4 Bc6 48. Nc3 Ke6 49. Kc5 Bd7 50. Nd5 Kf7
51. Kd6 Be8 52. e5 Kf8 53. e6 Kg7 54. Nf6 Kf8 55. Nxh7+ Kg7
56. Nf6 Kf8 57. e7+ Kf7 58. f5 c3 59. fxg6+ Kxg6 60. Nxe8 c2
61. Nc7 c1=Q 62. e8=Q+ Kxg5 63. Qxb5+ Kf6 64. Nd5+ Kg6
65. Qd3+ Kf7 66. Qf5+ Ke8 67. Qd7+ Kf8 68. Qe7+ Kg8 69. Nf6+
1-0

[Event "chess.com Speed Chess"]
[Site "chess.com INT"]
[Date "2020.11.01"]
[EventDate "2020.11.01"]
[Round "1.16"]
[Result "1/2-1/2"]
[White "Sarin Nihal"]
[Black "Maxime Vachier-Lagrave"]
[WhiteElo "2620"]
[BlackElo "2784"]
[PlyCount "83"]

1. d4 d5 2. c4 c6 3. Nf3 Nf6 4. Nc3 e6 5. Bg5 h6 6. Bh4 dxc4
7. e4 g5 8. Bg3 b5 9. Be2 Bb7 10. Qc2 Nbd7 11. Rd1 Nh5 12. d5
Nxg3 13. hxg3 e5 14. dxc6 Bxc6 15. Nxe5 Nxe5 16. Rxd8+ Rxd8
17. O-O Bc5 18. a4 a6 19. axb5 axb5 20. Nd5 Bxd5 21. exd5 O-O
22. b3 Rxd5 23. bxc4 bxc4 24. Bxc4 Nxc4 25. Qxc4 Rfd8 26. Kh2
Bf8 27. f4 gxf4 28. Rxf4 Rh5+ 29. Rh4 Rxh4+ 30. gxh4 Rd6
31. Kh3 Re6 32. Qg4+ Bg7 33. Qc4 Bf8 34. g3 Bg7 35. Kg2 Bf8
36. Qc8 Rg6 37. Qf5 Re6 38. Qd5 Bg7 39. Qa8+ Bf8 40. Qd5 Re2+
41. Kf3 Re6 42. Kg2 1/2-1/2

[Event "chess.com Speed Chess"]
[Site "chess.com INT"]
[Date "2020.11.01"]
[EventDate "2020.11.01"]
[Round "1.17"]
[Result "1/2-1/2"]
[White "Maxime Vachier-Lagrave"]
[Black "Sarin Nihal"]
[WhiteElo "2784"]
[BlackElo "2620"]
[PlyCount "93"]

1. e4 e5 2. Nf3 Nc6 3. Bb5 a6 4. Ba4 Nf6 5. O-O Be7 6. d3 b5
7. Bb3 d6 8. a3 O-O 9. Nc3 Na5 10. Ba2 Be6 11. b4 Bxa2
12. Rxa2 Nc6 13. Bg5 Ng4 14. Bd2 Nf6 15. Re1 Qd7 16. Nd5 Nxd5
17. exd5 Nd4 18. Nxd4 exd4 19. h3 Bf6 20. Qg4 Qxg4 21. hxg4
Rfe8 22. Rxe8+ Rxe8 23. Kf1 Re5 24. a4 Rxd5 25. axb5 Rxb5
26. Rxa6 h6 27. Ke2 Kf8 28. f4 Ke8 29. Kf3 Kd7 30. Ke4 d5+
31. Kf3 Be7 32. Ra4 Bd6 33. Ke2 g6 34. f5 gxf5 35. gxf5 h5
36. Kf3 Rb8 37. Be1 Re8 38. Bf2 Re5 39. Bxd4 Rxf5+ 40. Ke2 Rg5
41. Kf3 Rg3+ 42. Kf2 Rg4 43. c3 Rf4+ 44. Ke2 Rg4 45. Kf2 Rf4+
46. Ke2 Rg4 47. Kf2 1/2-1/2

[Event "chess.com Speed Chess"]
[Site "chess.com INT"]
[Date "2020.11.01"]
[EventDate "2020.11.01"]
[Round "1.21"]
[Result "1/2-1/2"]
[White "Sarin Nihal"]
[Black "Maxime Vachier-Lagrave"]
[WhiteElo "2620"]
[BlackElo "2784"]
[PlyCount "95"]

1. d4 d5 2. c4 dxc4 3. Nf3 Nf6 4. e3 e6 5. Bxc4 c5 6. O-O a6
7. b3 cxd4 8. Nxd4 Be7 9. Bb2 Bd7 10. Nd2 Nc6 11. Be2 O-O
12. Bf3 Rc8 13. Rc1 Nxd4 14. Bxd4 Bb5 15. Nc4 Bxc4 16. bxc4 b6
17. Qa4 Bc5 18. Rfd1 Qc7 19. Qxa6 Rfd8 20. Qb5 Nd7 21. h3 h6
22. Qb2 Bf8 23. Be2 Nc5 24. Rb1 Qa7 25. Bf3 Rd6 26. Be2 Rcd8
27. Qc2 R6d7 28. Be5 Rxd1+ 29. Rxd1 Rxd1+ 30. Bxd1 Nd7 31. Bd4
Bc5 32. Qb2 Bf8 33. Bf3 Nc5 34. Bd1 Qa5 35. Bc3 Qa6 36. Bb3
Qa7 37. Bd4 Qa5 38. Qc3 Qa8 39. Qc2 Qa5 40. Bc3 Qa8 41. Qb2
Qe4 42. Qc2 Qa8 43. Kf1 Be7 44. Bd4 Bf6 45. Bxc5 bxc5 46. Qd3
Qd8 47. Qe2 Qa5 48. Qd1 1/2-1/2

[Event "chess.com Speed Chess"]
[Site "chess.com INT"]
[Date "2020.11.01"]
[EventDate "2020.11.01"]
[Round "1.22"]
[Result "1-0"]
[White "Maxime Vachier-Lagrave"]
[Black "Sarin Nihal"]
[WhiteElo "2784"]
[BlackElo "2620"]
[PlyCount "113"]

1. e4 e5 2. Nf3 Nc6 3. Bb5 a6 4. Ba4 Nf6 5. O-O Be7 6. d3 b5
7. Bb3 d6 8. a3 O-O 9. Nc3 Na5 10. Ba2 Be6 11. b4 Bxa2
12. Rxa2 Nc6 13. Bg5 Ng4 14. Bd2 Nf6 15. Re1 Qd7 16. Nd5 Nxd5
17. exd5 Na7 18. a4 c6 19. dxc6 Nxc6 20. c4 d5 21. axb5 axb5
22. Rxa8 Rxa8 23. cxb5 Nxb4 24. Nxe5 Qxb5 25. Qg4 Nc2 26. Nxf7
Nxe1 27. Qe6 Kf8 28. Ne5 Qe8 29. Nd7+ Qxd7 30. Qxd7 Ra1
31. Kf1 Nf3+ 32. Ke2 Nxd2 33. Kxd2 Ra2+ 34. Ke3 Bc5+ 35. d4
Ra3+ 36. Kf4 Be7 37. Qxd5 Ra6 38. g3 h6 39. Ke4 Rd6 40. Qa8+
Kf7 41. Qa2+ Kf8 42. h4 Rf6 43. f4 Rd6 44. h5 Rf6 45. g4 Rd6
46. Qa8+ Kf7 47. d5 Rd8 48. Qc6 Rd6 49. Qc8 Rd8 50. Qe6+ Kf8
51. Qf5+ Kg8 52. g5 hxg5 53. fxg5 Re8 54. Qd7 Kf8 55. Kf5 Ba3
56. Kg6 Be7 57. Qe6 1-0

[Event "chess.com Speed Chess"]
[Site "chess.com INT"]
[Date "2020.11.01"]
[EventDate "2020.11.01"]
[Round "1.23"]
[Result "1/2-1/2"]
[White "Sarin Nihal"]
[Black "Maxime Vachier-Lagrave"]
[WhiteElo "2620"]
[BlackElo "2784"]
[PlyCount "106"]

1. d4 d5 2. c4 dxc4 3. Nf3 Nf6 4. e3 e6 5. Bxc4 c5 6. O-O a6
7. dxc5 Bxc5 8. Qxd8+ Kxd8 9. Nbd2 Nc6 10. a3 Ke7 11. b4 Bd6
12. Bb2 b5 13. Be2 Bb7 14. Rac1 Rac8 15. Nb3 Nd7 16. Bxg7 Rhg8
17. Bb2 Nce5 18. Rxc8 Rxc8 19. Nxe5 Nxe5 20. Rc1 Nc4 21. Bxc4
bxc4 22. Na5 Bd5 23. e4 Bxe4 24. Rxc4 Rxc4 25. Nxc4 Bd5
26. Ne3 Be4 27. f3 Bd3 28. g3 a5 29. bxa5 Bc5 30. Kf2 Kd7
31. Bc1 Kc6 32. Ke1 Kb5 33. Ng4 Bd6 34. Bd2 f5 35. Nf6 Be7
36. Nh5 Bxa3 37. h4 Bd6 38. Kf2 Bc5+ 39. Kg2 Bd4 40. g4 fxg4
41. fxg4 e5 42. Nf6 e4 43. Nd5 e3 44. Nxe3 Bxe3 45. Bxe3 Kxa5
46. Kg3 Kb5 47. Kf4 Kc4 48. Kg5 Kd5 49. Kh6 Ke6 50. g5 Kf7
51. h5 Kg8 52. g6 hxg6 53. hxg6 Bxg6 1/2-1/2

[Event "chess.com Speed Chess"]
[Site "chess.com INT"]
[Date "2020.11.01"]
[EventDate "2020.11.01"]
[Round "1.24"]
[Result "0-1"]
[White "Maxime Vachier-Lagrave"]
[Black "Sarin Nihal"]
[WhiteElo "2784"]
[BlackElo "2620"]
[PlyCount "70"]

1. e4 c6 2. Nf3 d5 3. Nc3 dxe4 4. Nxe4 Nf6 5. Qe2 Bf5 6. d3 e6
7. Nxf6+ gxf6 8. g3 Nd7 9. Bg2 Qc7 10. Nd4 Bg6 11. O-O O-O-O
12. Be3 h5 13. b4 Ne5 14. b5 c5 15. Nb3 h4 16. a4 hxg3
17. hxg3 Bh5 18. f3 Bd6 19. Nd2 Rdg8 20. Ne4 Be7 21. a5 f5
22. b6 axb6 23. axb6 Qc6 24. Bf4 Qd5 25. d4 Nc6 26. Nxc5 Qxd4+
27. Be3 Bxc5 28. Bxd4 Nxd4 29. Ra8+ Kd7 30. Qd3 Rxa8 31. c3
Ra3 32. g4 Ke7 33. gxh5 Ne2+ 34. Kh2 Rxh5+ 35. Bh3 Rxh3+ 0-1

[Event "chess.com Speed Chess"]
[Site "chess.com INT"]
[Date "2020.11.01"]
[EventDate "2020.11.01"]
[Round "1.25"]
[Result "1-0"]
[White "Sarin Nihal"]
[Black "Maxime Vachier-Lagrave"]
[WhiteElo "2620"]
[BlackElo "2784"]
[PlyCount "93"]

1. d4 d5 2. Bf4 Nf6 3. e3 e6 4. Nf3 Bd6 5. Bg3 O-O 6. Nbd2 b6
7. Bd3 Ba6 8. Bxa6 Nxa6 9. O-O c5 10. c4 cxd4 11. Nxd4 Nc5
12. Qe2 Rc8 13. Rac1 Bxg3 14. hxg3 Qd7 15. Rfd1 Rfd8 16. cxd5
Nxd5 17. N2f3 Qb7 18. a3 a5 19. Ne5 a4 20. e4 Ne7 21. f3 Ng6
22. Nxg6 hxg6 23. Nb5 Qb8 24. e5 Nb3 25. Rxc8 Qxc8 26. Nd6 Qc6
27. Kh2 Nc5 28. Qe3 f6 29. Rd4 g5 30. exf6 Rxd6 31. Qxg5 Rd7
32. Qg6 Qc8 33. Rh4 Qf8 34. Qh7+ Kf7 35. Rg4 Rd8 36. fxg7 Qg8
37. Qg6+ Ke7 38. Rf4 Nd7 39. Qg5+ Ke8 40. Qg6+ Ke7 41. Qg5+
Ke8 42. Rxa4 Rc8 43. Rh4 Rc5 44. Qg6+ Ke7 45. Rh8 Ne5 46. Qg5+
Kf7 47. Qf4+ 1-0

[Event "chess.com Speed Chess"]
[Site "chess.com INT"]
[Date "2020.11.01"]
[EventDate "2020.11.01"]
[Round "1.26"]
[Result "1-0"]
[White "Maxime Vachier-Lagrave"]
[Black "Sarin Nihal"]
[WhiteElo "2784"]
[BlackElo "2620"]
[PlyCount "79"]

1. Nf3 d5 2. g3 g6 3. Bg2 Bg7 4. d4 Nf6 5. O-O O-O 6. Nbd2 c6
7. a4 a5 8. b3 Na6 9. Ba3 Re8 10. c3 Bf5 11. Re1 Ne4 12. Rc1
Nxd2 13. Qxd2 Be4 14. Bh3 Qb6 15. Qd1 Bxf3 16. exf3 e5
17. dxe5 Rxe5 18. Rxe5 Bxe5 19. Qc2 Bf6 20. Re1 Nc5 21. Rb1
Re8 22. Bf1 Kg7 23. Kg2 Ne6 24. Bc1 Qc5 25. Bd2 d4 26. c4 b6
27. Re1 Rd8 28. h4 d3 29. Qc1 Nd4 30. Bxd3 Nxb3 31. Bh6+ Kg8
32. Qf4 Qd4 33. Re4 Qc3 34. Qe3 Rf8 35. Bxf8 Kxf8 36. Qh6+ Bg7
37. Qf4 Bf6 38. h5 gxh5 39. Qh6+ Bg7 40. Qd6+ 1-0

[Event "chess.com Speed Chess"]
[Site "chess.com INT"]
[Date "2020.11.01"]
[EventDate "2020.11.01"]
[Round "1.27"]
[Result "1/2-1/2"]
[White "Sarin Nihal"]
[Black "Maxime Vachier-Lagrave"]
[WhiteElo "2620"]
[BlackElo "2784"]
[PlyCount "57"]

1. d4 Nf6 2. c4 e6 3. Nf3 b6 4. g3 Ba6 5. Qc2 Bb4+ 6. Bd2 Be7
7. Bg2 c6 8. O-O d5 9. b3 O-O 10. Ne5 Nfd7 11. Nd3 Bb7 12. Nc3
Nf6 13. cxd5 cxd5 14. Ne5 Nc6 15. Nxc6 Bxc6 16. Qd3 Qd7
17. Rac1 Ba3 18. Rc2 Rac8 19. Bc1 Be7 20. Bb2 Rc7 21. Rfc1
Rfc8 22. e3 Bb7 23. Qd1 g6 24. Ne2 Ne4 25. Nf4 Rxc2 26. Rxc2
Rxc2 27. Qxc2 Qc6 28. Qxc6 Bxc6 29. Bf1 1/2-1/2

[Event "chess.com Speed Chess"]
[Site "chess.com INT"]
[Date "2020.11.01"]
[EventDate "2020.11.01"]
[Round "1.28"]
[Result "1-0"]
[White "Maxime Vachier-Lagrave"]
[Black "Sarin Nihal"]
[WhiteElo "2784"]
[BlackElo "2620"]
[PlyCount "73"]

1. e4 c6 2. Nf3 d5 3. Nc3 dxe4 4. Nxe4 Nf6 5. Qe2 Bf5 6. Nxf6+
gxf6 7. d3 e6 8. g3 Nd7 9. Bg2 Bb4+ 10. c3 Be7 11. O-O Qa5
12. Rd1 O-O 13. Nd4 Rfe8 14. b4 Qe5 15. Qxe5 Nxe5 16. Nxf5
exf5 17. Bh3 a5 18. bxa5 Rxa5 19. Rb1 Rxa2 20. Bxf5 b5 21. Be3
Bd6 22. Be4 Kg7 23. h3 Re7 24. Ra1 Rb2 25. Rdb1 Rxb1+ 26. Rxb1
Rc7 27. Kg2 Nd7 28. Ra1 Nc5 29. Bf5 Na4 30. c4 Nc3 31. c5 Be7
32. Bf4 Nd5 33. Bxc7 Nxc7 34. d4 b4 35. Rb1 Nd5 36. Bd3 f5
37. Bc4 1-0